000
00401nam a22001697a 4500
003
MPLRDC
005
20220104124845.0
008
210129b ||||| |||| 00| 0 eng d
082
_a
220.8 DBY v.3
100
_a
吴一正著
245
_a
禅: 顿悟禅机趣谈
_c
260
_a
_b
环宇出版社
_c
300
_b
平
490
_a
第八意识文库;3
650
_a
942
_c
BK
_o
220.8 DBY v.3
999
_c
22704
_d
22694